College Quizbowl Stats
College Quizbowl Stats
Circuits
Seasons
Sets
Records
Detailed Stats
About
Loading...
Upper Mid-Atlantic (2)
Tossups
Bonuses
Players
Teams
Categories (Tossup)
Categories (Bonus)
Jason Yang
Swarthmore A
Categories
Category
Powers
Gets
Negs
BBs
Points
Earliest Buzz
Avg. Buzz
First Buzzes
Top 3 Buzzes
BPA
PVF
Geography
0
2
0
0
20
41
51.50
1
2
0.00
0.00
History - World
0
2
1
0
15
70
71.00
1
2
0.00
0.00
Current Events
0
1
0
0
10
16
16.00
1
1
0.00
0.00
Literature - World
0
1
0
0
10
125
125.00
1
1
0.00
0.00
Buzzes
Category
Answer
Value
Buzz Position
Current Events
Netherlands
10
16
Geography
Argentina
10
41
Geography
Denmark
10
62
History - World
Soviet Union
-5
65
History - World
Taiwan
10
70
History - World
Egypt
10
72
Literature - World
Han Kang
10
125
Previous
1
Next